|
|
|
|
| LEADER |
00000nab a2200000 a 4500 |
| 001 |
vtls008996512 |
| 003 |
SK-MaSNL |
| 005 |
20260303065744.0 |
| 008 |
140303c2007 xo wrzp 0 0slo |
| 015 |
|
|
|a SNBRB2007/06
|2 snkbucl
|
| 040 |
|
|
|a SNKBUCL
|b slo
|c SNKBUCL
|e AACR2
|
| 041 |
0 |
|
|a slo
|
| 044 |
|
|
|a xo
|c SK
|
| 080 |
|
|
|a 616-008.9.053.2
|2 1997
|
| 080 |
|
|
|a 659.148:613.2
|2 1997
|
| 245 |
0 |
0 |
|a Reklama a obezita
|c [autor] (pot)
|
| 650 |
0 |
7 |
|a detská obezita
|2 snkbucl
|9 88019
|
| 650 |
0 |
7 |
|a reklama
|x účinky nežiaduce
|2 snkbucl
|9 1066243
|
| 773 |
0 |
|
|t Zdravotnícke noviny
|g Roč. XII, č. 19 (2007), s. 5
|x 1335-4477
|
| 852 |
|
|
|a SNK
|b KIS3GCP
|
| 958 |
|
|
|a MI
|
| 958 |
|
|
|a SK
|
| 999 |
|
|
|c 1752546
|d 1754476
|